All countries by average area of first-level subdivisions - Statistics

General Stats
  • This quiz has been taken 43 times
  • The average score is 89 of 194
Answers on the Map
Answers color-coded by a green-red scale on the quiz's map according to % correct below.
 
Answer Stats
Average subdivision area (km2) Country Starting Letter % Correct
640,691 Australia A
100%
768,051 Canada C
96%
315,366 Brazil B
93%
292,146 China C
93%
317,276 Denmark D
93%
239,757 Kazakhstan K
93%
206,003 Russia R
93%
158,375 Niger N
89%
61,642 Mexico M
85%
165,361 Saudi Arabia S
85%
67,799 United States U
85%
115,850 Argentina A
81%
90,208 Democratic Republic of the Congo D (C)
81%
91,313 India I
81%
147,143 Pakistan P
81%
75,262 Zambia Z
81%
122,065 Bolivia B
78%
55,826 Chad C
78%
47,256 Chile C
78%
100,391 Ethiopia E
78%
50,120 Indonesia I
78%
53,168 Iran I
78%
79,979 Libya L
78%
112,745 Mali M
78%
71,096 Mongolia M
78%
49,431 Peru P
78%
106,276 Somalia S
78%
135,671 South Africa S
78%
104,782 Sudan S
78%
36,658 Venezuela V
78%
41,065 Algeria A
74%
69,261 Angola A
74%
34,219 Botswana B
74%
34,598 Colombia C
74%
37,423 Egypt E
74%
68,667 Mauritania M
74%
72,872 Mozambique M
74%
58,958 Namibia N
74%
81,868 Turkmenistan T
74%
39,076 Zimbabwe Z
74%
36,646 Central African Republic C
70%
37,213 Morocco M
70%
89,340 New Zealand N
70%
32,070 Uzbekistan U
70%
47,544 Cameroon C
67%
30,732 Guinea G
67%
24,460 Madagascar M
67%
32,218 Myanmar M
67%
28,136 Oman O
67%
49,564 South Sudan S
67%
30,558 Tanzania T
67%
24,642 France F
63%
29,741 Gabon G
63%
22,314 Germany G
63%
24,282 Iraq I
63%
23,033 Ivory Coast I (C)
63%
22,217 Kyrgyzstan K
63%
24,967 Nigeria N
63%
22,659 Norway N
63%
22,597 Paraguay P
63%
22,800 Republic of the Congo R (C)
63%
26,633 Spain S
63%
22,356 Ukraine U
63%
19,201 Afghanistan A
59%
21,092 Burkina Faso B
59%
17,812 Finland F
59%
15,067 Italy I
59%
16,667 Philippines P
59%
21,443 Sweden S
59%
13,576 United Kingdom U
59%
20,705 Yemen Y
59%
19,600 Eritrea E
56%
20,675 Malaysia M
56%
21,038 Papua New Guinea P
56%
32,722 Tunisia T
56%
18,558 Bangladesh B
52%
29,656 Belarus B
52%
21,497 Guyana G
52%
39,495 Malawi M
52%
28,620 Tajikistan T
52%
11,943 United Arab Emirates U
52%
17,043 Bosnia and Herzegovina B
48%
11,493 Ecuador E
48%
14,973 Ghana G
48%
8,042 Japan J
48%
12,348 Kenya K
48%
13,156 Laos L
48%
0.2 Monaco M
48%
16,594 Suriname S
48%
13,227 Syria S
48%
9,674 Turkey T
48%
9,745 Vietnam V
48%
21,074 Nepal N
44%
11,357 Togo T
44%
9,320 Austria A
41%
2 Nauru N
41%
9,741 Poland P
41%
14,052 Senegal S
41%
3 Tuvalu T
41%
9,274 Uruguay U
41%
9,564 Benin B
37%
7,445 Jordan J
37%
7 San Marino S
37%
10,230 Belgium B
33%
7,300 Costa Rica C
33%
50 Grenada G
33%
7,425 Liberia L
33%
8 Marshall Islands M
33%
10,627 Netherlands N
33%
7,669 Nicaragua N
33%
8,036 North Korea N
33%
14,650 Sierra Leone S
33%
7,471 Sri Lanka S
33%
67 Andorra A
30%
55 Antigua and Barbuda A
30%
40 Barbados B
30%
7,241 Cambodia C
30%
6,874 Cuba C
30%
79 Dominica D
30%
176 Federated States of Micronesia F (M)
30%
3,655 Fiji F
30%
6,369 Greece G
30%
6,250 Honduras H
30%
6,530 Lithuania L
30%
14 Maldives M
30%
29 Palau P
30%
19 Saint Kitts and Nevis S
30%
18 Seychelles S
30%
6,752 Thailand T
30%
2,974 Armenia A
26%
3,828 Belize B
26%
3,964 Bulgaria B
26%
5,567 Burundi B
26%
5,634 Czechia C
26%
4,950 Guatemala G
26%
2,775 Haiti H
26%
4,652 Hungary H
26%
2,267 Ireland I
26%
785 Jamaica J
26%
2,970 Kuwait K
26%
15 Liechtenstein L
26%
5,394 Panama P
26%
4,611 Portugal P
26%
5,676 Romania R
26%
5,268 Rwanda R
26%
62 Saint Lucia S
26%
3,233 Serbia S
26%
6,129 Slovakia S
26%
5,904 South Korea S
26%
1,772 Uganda U
26%
2,396 Albania A
22%
3,867 Djibouti D
22%
1,510 Dominican Republic D
22%
1,068 East Timor E (T)
22%
3,506 Equatorial Guinea E
22%
3,022 Estonia E
22%
4,341 Eswatini E
22%
2,259 Gambia G
22%
5,808 Georgia G
22%
4,014 Guinea-Bissau G
22%
3,679 Israel I
22%
3,036 Lesotho L
22%
216 Luxembourg L
22%
53 Malta M
22%
510 Mauritius M
22%
1,448 Qatar Q
22%
138 São Tomé and Príncipe S
22%
342 Trinidad and Tobago T
22%
1,220 Azerbaijan A
19%
421 Bahamas B
19%
188 Bahrain B
19%
183 Cape Verde C
19%
553 Comoros C
19%
2,695 Croatia C
19%
1,658 Iceland I
19%
1,555 Kosovo K
19%
1,502 Latvia L
19%
1,161 Lebanon L
19%
321 North Macedonia N
19%
257 Samoa S
19%
149 Singapore S
19%
96 Slovenia S
19%
2,890 Solomon Islands S
19%
150 Tonga T
19%
1,920 Bhutan B
15%
1,441 Brunei B
15%
1,542 Cyprus C
15%
1,503 El Salvador E
15%
915 Moldova M
15%
552 Montenegro M
15%
1,588 Switzerland S
15%
1,645 Taiwan T
15%
2,032 Vanuatu U
15%
65 Saint Vincent and the Grenadines V
11%
No matching quizzes found
Score Distribution
Percent of People with Each Score
Percentile by Number Answered
Your Score History
You have not taken this quiz